Expository studies on Romans. (Record no. 5728)

000 -LEADER
fixed length control field 00567nam a2200181 a 4500
001 - CONTROL NUMBER
control field :::00003470$&:&@@
003 - CONTROL NUMBER IDENTIFIER
control field OkBaRHE
005 - DATE AND TIME OF LATEST TRANSACTION
control field 20000607103306.0
008 - FIXED-LENGTH DATA ELEMENTS--GENERAL INFORMATION
fixed length control field j 000 0 eng u
040 ## - CATALOGING SOURCE
Transcribing agency
100 1# - MAIN ENTRY--PERSONAL NAME
Personal name Miller, C. Leslie, 1908-
245 10 - TITLE STATEMENT
Title Expository studies on Romans.
260 ## - PUBLICATION, DISTRIBUTION, ETC. (IMPRINT)
Place of publication, distribution, etc Cleveland, OH., :
Name of publisher, distributor, etc Union Gospel Press
Date of publication, distribution, etc nd
300 ## - PHYSICAL DESCRIPTION
Extent 345 p. ;
Dimensions 20 cm.
650 ## - SUBJECT ADDED ENTRY--TOPICAL TERM
Topical term or geographic name as entry element Bible New Testament Romans
General subdivision Commentaries
942 ## - ADDED ENTRY ELEMENTS (KOHA)
Source of classification or shelving scheme
Koha item type Books
Copies
Date acquired Barcode Price effective from Shelving location Permanent Location Koha item type Not for loan Source of classification or shelving scheme Full call number Withdrawn status Date last seen Lost status Damaged status Copy number
2010-04-1434702010-04-14General StacksRHEMA Bible Training CollegeBooks  BS 2665.3 .M5 2018-03-28  1